Paroles - Stupeflip - Stupeflip vite !!! - Statistiques

Statistiques générales
  • Ce quiz a été pris 447 fois
  • Le résultat moyen est 213 sur 493
Statistiques - réponses
Indice Réponse % Correct
le
96%
Le
96%
à
92%
a
92%
dans
91%
Dans
91%
se
91%
La
89%
la
89%
je
88%
Couplet 3 Je
88%
ça
87%
les
86%
Les
86%
ta
86%
te
83%
Intro Et
82%
et
82%
Couplet 1 Moi
81%
moi
81%
mon
81%
Mon
81%
ciel
78%
de
78%
me
77%
un
77%
ce
76%
avec
75%
réac
75%
suis
75%
grand
73%
qui
73%
en
72%
Outro En
72%
Refrain 2x Stupeflip
72%
vite
71%
Car
70%
Mac
70%
sera
69%
votre
69%
quand
68%
récompense
68%
pas
67%
Pas
67%
vie
67%
t'attaque
66%
lyrics
64%
pour
64%
Rascar
64%
grande
63%
comme
62%
des
62%
an
61%
pince
59%
Tous
59%
tous
59%
serrer
58%
d'allégresse
57%
clic-clac
55%
frappent
55%
grince
55%
on
55%
sourire
55%
une
55%
Capac
54%
tressaillez
53%
Ecoute
52%
écoute
52%
mince
52%
ou
52%
52%
52%
quartier
52%
revient
52%
est
51%
mec
50%
cour
49%
Donne
49%
mardis
49%
sac
49%
cri
48%
glace
48%
Tu
48%
tu
48%
animaux
47%
cet
47%
nuages
47%
bouffe
46%
c'est
46%
C'est
46%
seul
46%
coeur
45%
courage
45%
rage
45%
d'aller
44%
texte
44%
craque
43%
fier
43%
millénaires
43%
que
43%
cette
42%
pendant
42%
tapi
42%
vote
42%
trop
41%
voilà
41%
l'ombre
40%
ligoté
39%
bâillonné
38%
ai
37%
J'suis
37%
anthropophage
36%
bouffer
36%
gueule
36%
nucléaire
36%
séquestré
36%
sur
36%
ferme
35%
mère
35%
Alors
34%
casse
34%
Il
34%
Ses
34%
seule
34%
Crou
33%
enfouit
33%
patate
32%
si
32%
taff
32%
au
31%
gros
31%
l'as
31%
marchent
30%
bien
29%
cramé
29%
jamais
29%
j'en
29%
meuf
29%
poumons
29%
chausse-trappe
28%
mais
28%
Mais
28%
vivant
28%
calmerai
27%
l'EDF
27%
par
27%
seuls
27%
t'éclairent
27%
têtes
27%
même
26%
ne
26%
Fnac
25%
truc
25%
casse-gueule
24%
coups
24%
savate
24%
toi
24%
Toi
24%
tout
24%
peu
23%
Stupé-stupeflip
23%
mes
22%
y
22%
gens
21%
pattes
20%
t'es
20%
coupe
19%
d'espoir
19%
donner
19%
totale
19%
l'hypocrisie
18%
mal
18%
p'tiot
18%
s'il
18%
encore
17%
enfant
17%
générale
17%
pleure
17%
plus
17%
ton
17%
du
16%
16%
faire
16%
p'tit
16%
Reviens
16%
Couplet 2 Cadillac
15%
fait
15%
for
15%
lui
15%
terre
15%
haché
14%
intérieur
14%
mort
14%
steack
14%
chipolata
13%
j'ai
13%
J'ai
13%
personne
13%
sent
13%
l'apathie
12%
poudrière
12%
prières
12%
sont
12%
tas
12%
t'as
12%
Argémiones
11%
couille
11%
crois
11%
dérange
11%
Sous
11%
60
10%
eu
10%
fais
10%
ni
10%
autres
9%
cacher
9%
chiale
9%
digéré
9%
gérer
9%
grâce
9%
grands
9%
partent
9%
qu't'étais
9%
stock
9%
t'ai
9%
t'épate
9%
vide
9%
bâillonnée
8%
debout
8%
gars
8%
marre
8%
n'espère
8%
peer-to-peer
8%
respirer
8%
Viens
8%
2999
7%
Augustin
7%
belles
7%
Foule
7%
j'cause
7%
J'observe
7%
là-haut
7%
esclave
6%
fatigué
6%
lance-pierre
6%
l'crâne
6%
Legrand
6%
l'fond
6%
n'était
6%
n'me
6%
p'tiote
6%
putain
6%
rond
6%
semblant
6%
s'enfuir
6%
sentimentale
6%
tourne
6%
4
5%
cherché
5%
dames
5%
enfoirés
5%
éveillés
5%
fanfaron
5%
finalement
5%
Pétaouchnok
5%
préfères
5%
raison
5%
Utopistes
5%
avaient
4%
cérébrés
4%
chats
4%
coq
4%
d'être
4%
d'expliquer
4%
humains
4%
laisse
4%
souvent
4%
t'sens
4%
tue
4%
âmes
3%
changent mais
3%
cimeterre
3%
d'où
3%
j'aurais
3%
j'peux
3%
l'carnaval
3%
l'week-end
3%
m'exile
3%
Noie
3%
qu'est
3%
reconnais
3%
utopies
3%
avant
2%
comprend
2%
c'que
2%
es-tu
2%
j'découpe
2%
j'fais
2%
p'tits
2%
qu'attends
2%
Ras-le-bol
2%
rêves
2%
trucs
2%
espoirs
1%
m'juger
1%
d'mourir
0%
lasse
0%
l'dire
0%
triper
0%
Aucun quiz correspondant
Distribution des résultats
% des personnes avec chaque résultat
Percentile par nombre de réponses
Votre historique - résultats
Vous n’avez pas pris ce quiz